000 00203 a2200097 4500
001 3953
100 _aAxelrod,A
245 _aMachine shop mathematics
260 _a
_bMcgrawhill
_c
090 _c3182
_d3182
942 _aNUST-CAE
_cM
_c24247
999 _c239026
_d239026